000 00454nam a2200181Ia 4500
001 19236
005 20260306171729.0
008 260306s9999||||xx |||||||||||||| ||und||
041 _aESP
082 _a658.81
_bJ67
100 _aJohnson, Eugene M.
_eAUT
245 0 _aAdministración de ventas:
_bConceptos, prácticas y casos
260 _c1996
300 _a784 páginas :
_c23 cm.
650 _aGEN
654 _aCAN
942 _cLIB
_dJUS
_fJUS
_2ddc
_n
999 _c19236
_d19236